A Global warming forum : (Record no. 7086)

MARC details
000 -LEADER
fixed length control field 01014nac a22002411u 4500
010 ## - LIBRARY OF CONGRESS CONTROL NUMBER
LC control number 92012181
020 ## - INTERNATIONAL STANDARD BOOK NUMBER
International Standard Book Number 0849344190 (acid-free paper)
082 00 - DEWEY DECIMAL CLASSIFICATION NUMBER
Classification number 363.7387
Item number AGE
090 ## - LOCALLY ASSIGNED LC-TYPE CALL NUMBER (OCLC); LOCAL CALL NUMBER (OCLC)
-- 7086
-- 7086
100 ## - MAIN ENTRY--PERSONAL NAME
Personal name A. Geyer, Richard
245 02 - TITLE STATEMENT
Title A Global warming forum :
Remainder of title scientific, economic, and legal overview /
Statement of responsibility, etc edited by Richard A. Geyer.
260 ## - PUBLICATION, DISTRIBUTION, ETC. (IMPRINT)
Place of publication, distribution, etc Boca Raton :
Name of publisher, distributor, etc CRC Press,c1993.
Date of publication, distribution, etc c1993.
300 ## - PHYSICAL DESCRIPTION
Extent 638 p. :
Other physical details ill., maps ;
Dimensions 26 cm.
500 ## - GENERAL NOTE
General note Distributer: Al-Ahram.
504 ## - BIBLIOGRAPHY, ETC. NOTE
Bibliography, etc Includes bibliographical references and index.
511 ## - PARTICIPANT OR PERFORMER NOTE
Participant or performer note Catalogued By: Mahitab.
650 #0 - SUBJECT ADDED ENTRY--TOPICAL TERM
Topical term or geographic name as entry element Global warming.
700 1# - ADDED ENTRY--PERSONAL NAME
Personal name Geyer, Richard A.
856 42 - ELECTRONIC LOCATION AND ACCESS
Materials specified Publisher description
Uniform Resource Identifier <a href="http://www.loc.gov/catdir/enhancements/fy0744/92012181-d.html">http://www.loc.gov/catdir/enhancements/fy0744/92012181-d.html</a>
856 42 - ELECTRONIC LOCATION AND ACCESS
Materials specified Table of contents
Uniform Resource Identifier <a href="http://www.loc.gov/catdir/toc/fy0801/92012181.html">http://www.loc.gov/catdir/toc/fy0801/92012181.html</a>
942 ## - ADDED ENTRY ELEMENTS (KOHA)
Item type Book - Borrowing
Call number prefix 363.7387AGE
Holdings
Withdrawn status Item status Damaged status Not for loan Home library Current library Shelving location Date acquired Source of acquisition Total Checkouts Total Renewals Full call number Barcode Date last seen Date last borrowed Koha item type
        Central Library Central Library First floor 07/12/2016 Purchase 4 4 363.7387AGE 000008747 15/07/2025 28/11/2019 Book - Borrowing